When Did They Live? #3 - Statistics

General Stats
  • This quiz has been taken 122 times
  • The average score is 7 of 10
Answer Stats
Name Description Answer % Correct
Franz Ferdinand Archduke 1863–1914
99%
Queen Victoria Queen 1819–1901
98%
Richard Wagner Composer 1813–1883
85%
Vasco da Gama Explorer 1460–1524
78%
Davy Crockett Frontiersman 1786–1836
78%
Hadrian Emperor 76–138
62%
Thor Heyerdahl Adventurer 1914–2002
59%
William Wallace Scottish knight 1270–1305
57%
John Snow Physician 1813–1858
54%
Ashoka the Great Emperor 304–232 BC
13%
No matching quizzes found
Score Distribution
Percent of People with Each Score
Percentile by Number Answered
Your Score History
You have not taken this quiz